000 01109cam a22003255a 4500
001 016072694
003 EG-ScBUE
005 20220904105142.0
008 120417t2013 njua f b 001 0 eng d
020 _a9781118012871 (paperback)
040 _aStDuBDS
_beng
_erda
_cStDuBDS
_dEG-ScBUE
_dEG-ScBUE
082 0 4 _a720.284
_bYEE
_222
100 1 _aYee, Rendow,
_d1942-
_eauthor.
_938806
245 1 0 _aArchitectural drawing :
_ba visual compendium of types and methods /
_cRendow Yee.
250 _aFourth edition.
264 1 _aHoboken, New Jersey :
_bJohn Wiley & Sons,
_c[2013]
264 4 _cc2013
300 _axix, 587 pages :
_billustrations (black and white) ;
_c28 cm
336 _2rdacontent
_atext
_btxt
337 _2rdamedia
_aunmediated
_bn
338 _2rdacarrier
_avolume
_bnc
500 _aIncludes appendix.
504 _aIncludes bibliographical references and index.
590 _aNahed.
650 7 _aArchitectural drawing
_xTechnique.
_2BUEsh
651 _2BUEsh
653 _bENGARC
_cSeptember2015
_cNovember2015
655 _vReading book
_934232
942 _2ddc
_k720.284 YEE
_cBB
999 _c20800
_d20772